1742 1868 1349 1058 1974 1387 1103 1800 1261 1045 1296 1415 1708 1896 1198 1219 2000 1887 1450 1955 1397 1692 1329 1164 1290 1645 1824 1834 1582 1063 1673 1722 1370 1021 1552 1243 1318 1449 1426 1237 1824 1302 1944 1177 1867 1307 1524 1212 1636 1715 1210 1137 1892 1175 1200 1034 1296 1671 1473 1766 1089 1879 1100 1509 1324 1925 1181 1062 1648 1391 1651 1872 1762 1187 1391 1574 1026 1094 1543 1864 1827 1400 1850 1080 1701 1346 1898 1299 1761 1894 1441 1632 1921 1594 1328 1330 1246 1162 1193 BCNSPRNW ULIB Ver.6.0+V

เปลี่ยนเป็นภาษาไทย

Change to English
 แสดงรายละเอียดบรรณานุกรม
  กลับหน้าหลัก

Brief Record : Get Marc (ISO 2709) : E-mail record : QR code < ปิดหน้าต่าง
LEADER : 00000nam 2200000uu 4500
001    13399128026
003     ULIB
008    211223s2559||||th 000 0 tha d
020 ^- ^a9786160618675 (ชุด)
050 ^- ^aนว.^bซ696อ^cล.2
100 1^ aซู, โม่.
245 10 ^aอวลกลิ่นละอองรัก ล.2 /ซูโม่ เขียน ; อวี้ แปล.
250 ^- ^aพิมพ์ครั้งที่ 1.
260 ^- ^aกรุงเทพฯ :แจ่มใส,2559
300 ^- ^a2 เล่ม.
490 1^ aมากกว่ารัก
500 ^- ^aแปลจาก: Chen xiang ru xie.
653 ^- ^aจีนศึกษา
700 0^ aอวี้.
945    ^p619^l0^i008624
999    ^aประนอม เกษจรัล
รายการนี้ยังไม่มีแท็ก
คุณยังไม่ได้ล็อกอิน คุณสามารถมีกิจกรรมร่วมกับเว็บไซต์ได้ แต่ต้องล็อกอินก่อน ::
  ล็อกอิน

รายการสื่อสารสนเทศ

ลำดับที่ ประเภท เลขเรียก/บาร์โค้ด สถานที่ สถานะ
1. นวนิยาย
นวนิยาย
นว. ซ696อ ล.2 ฉ.1 
  Barcode: 008624
ห้องสมุดวิทยาเขตสวรรค์ประชารักษ์
►หนังสือทั่วไป
บนชั้น

BibComment


ยังไม่เคยถูกคอมเมนท์

คอมเมนท์ทรัพยากรรายการนี้
  คอมเมนท์: อวลกลิ่นละอองรัก..


 Copyright 2026. Bcnsprnw @Library